000 00373cam a22001337a 4500
008 180718b1960 xxu||||| |||| 00| 0 eng d
082 _aT1 G151/M426
100 _aMathur, J.S.
245 _aEssays on Gandhian economics
_cby J.S. Mathur
260 _aAllahabad
_bChaitanya
_c1960
300 _a86p.
650 _aGandhi, Mohandas Karamchand, 1869-1948
650 _aEconomics
999 _c373454
_d373454